[Event "Mauricie op"]
[Site "Trois-Rivieres CAN"]
[Date "1995.03.18"]
[Round "2"]
[White "Lesiege, Alexandre"]
[Black "Pohl, Klaus"]
[Result "1-0"]
[WhiteElo "2487"]
[BlackElo "2130"]
[WhiteFideId "-1"]
[WhiteFideId "-1"]
[PlyCount "45"]
[GameId "2160767912064737"]
[EventDate "1995.03.17"]
[EventType "swiss"]
[EventRounds "5"]
[EventCountry "CAN"]
[SourceTitle "Echec+ 1995.05"]

1. c4 Nf6 2. Nc3 g6 3. e4 d6 4. d4 Bg7 5. Nf3 O-O 6. Be2 e5 7. O-O Nc6 8. d5 Ne7 9. Ne1 Nd7 10. Nd3 f5 11. Bd2 Nf6 12. f3 f4 13. g4 fxg3 14. hxg3 Nh5 15. Kg2 Kh8 16. Be3 Ng8 17. Qd2 Rf7 18. Rh1 Qf8 19. Rh2 Bh6 20. Bxh6 Nxh6 21. g4 Nf4+ 22. Nxf4 exf4 23. Rah1 1-0

[Event "Mauricie op"]
[Site "Trois-Rivieres CAN"]
[Date "1995.03.18"]
[Round "3"]
[White "Hebert, Jean"]
[Black "Lesiege, Alexandre"]
[Result "1/2-1/2"]
[WhiteElo "2497"]
[BlackElo "2487"]
[WhiteFideId "-1"]
[WhiteFideId "-1"]
[PlyCount "90"]
[GameId "2160767912064739"]
[EventDate "1995.03.17"]
[EventType "swiss"]
[EventRounds "5"]
[EventCountry "CAN"]

1. d4 d5 2. Nf3 Nf6 3. c4 dxc4 4. e3 e6 5. Bxc4 c5 6. O-O a6 7. a4 Nc6 8. Qe2 Qc7 9. Nc3 Be7 10. dxc5 Bxc5 11. e4 Ng4 12. g3 O-O 13. Bf4 e5 14. Nd5 Qd6 15. Bd2 Nf6 16. Qd3 Bg4 17. Kg2 Nxd5 18. Bxd5 Ne7 19. Bc3 Nxd5 20. Qxd5 Qxd5 21. exd5 f6 22. Nd2 Rfd8 23. f3 Bh5 24. Ne4 Bf8 25. g4 Bg6 26. Rfd1 Rd7 27. g5 f5 28. Ng3 e4 29. h4 exf3+ 30. Kxf3 Bf7 31. Nxf5 Bh5+ 32. Kf4 Rf7 33. d6 Bxd1 34. Rxd1 g6 35. Bf6 Rxf6 36. gxf6 gxf5 37. Kxf5 Kf7 38. d7 Rd8 39. Rd5 Bh6 40. Rd3 Bc1 41. Rg3 Bh6 42. Rd3 Bf8 43. Rd5 Bb4 44. h5 h6 45. a5 Bf8 1/2-1/2

[Event "Paul Keres A"]
[Site "Montreal CAN"]
[Date "1995.01.10"]
[Round "1"]
[White "Lesiege, Alexandre"]
[Black "Ross, Dave"]
[Result "1/2-1/2"]
[WhiteElo "2493"]
[BlackElo "2359"]
[WhiteFideId "-1"]
[WhiteFideId "-1"]
[PlyCount "68"]
[GameId "2160767912064864"]
[EventDate "1995.01.03"]
[EventType "tourn"]
[EventRounds "7"]
[EventCountry "CAN"]
[SourceTitle "EXT 2022"]
[Source "ChessBase"]
[SourceDate "2021.10.06"]
[SourceVersion "1"]
[SourceVersionDate "2021.10.06"]
[SourceQuality "1"]

1. c4 f5 2. g3 Nf6 3. Bg2 g6 4. Nc3 Bg7 5. d3 e5 6. e4 d6 7. Nge2 O-O 8. O-O fxe4 9. dxe4 Be6 10. b3 c5 11. f4 Nc6 12. f5 Bf7 13. Bg5 Qd7 14. Bh3 gxf5 15. Bxf5 Be6 16. Bxf6 Rxf6 17. Nd5 Rxf5 18. exf5 Bxf5 19. Qd2 Kh8 20. Qg5 Bd3 21. Rae1 Nd4 22. Nxd4 Bxf1 23. Nf6 Qh3 24. Rxf1 exd4 25. Ne4 Qe6 26. Qd5 Qxd5 27. cxd5 Rd8 28. Rf7 b5 29. Kf2 c4 30. bxc4 bxc4 31. Rc7 Rf8+ 32. Ke2 Re8 33. Kf3 Rf8+ 34. Ke2 Re8 1/2-1/2

[Event "Paul Keres A"]
[Site "Montreal CAN"]
[Date "1995.02.14"]
[Round "4"]
[White "Lesiege, Alexandre"]
[Black "Bolduc, Steve"]
[Result "1/2-1/2"]
[WhiteElo "2492"]
[BlackElo "2178"]
[WhiteFideId "-1"]
[WhiteFideId "-1"]
[PlyCount "32"]
[GameId "2160767912130410"]
[EventDate "1995.01.03"]
[EventType "tourn"]
[EventRounds "7"]
[EventCountry "CAN"]
[SourceTitle "hb 2011"]

1. d4 e6 2. Nf3 c5 3. e4 d5 4. exd5 exd5 5. Bb5+ Nc6 6. O-O Bd6 7. Bg5 Nge7 8. dxc5 Bxc5 9. Ne5 f6 10. Bxf6 O-O 11. Nxc6 bxc6 12. Bxe7 Qxe7 13. Bxc6 Ba6 14. c4 Rad8 15. Bxd5+ Kh8 16. Na3 Bxa3 1/2-1/2

[Event "Bermuda-A"]
[Site "Bermuda"]
[Date "1995.??.??"]
[Round "1"]
[White "Lesiege, Alexandre"]
[Black "Vescovi, Giovanni P"]
[Result "0-1"]
[WhiteElo "2460"]
[BlackElo "2465"]
[WhiteFideId "-1"]
[WhiteFideId "-1"]
[PlyCount "66"]
[GameId "1165542677123072"]
[EventDate "1995.01.??"]
[EventType "tourn"]
[EventRounds "9"]
[EventCountry "BER"]
[EventCategory "10"]
[SourceTitle "CBM 046"]
[Source "ChessBase"]
[SourceDate "2004.01.01"]
[SourceVersion "1"]
[SourceVersionDate "2004.01.01"]
[SourceQuality "1"]

1. d4 d6 2. c4 e5 3. Nf3 e4 4. Ng5 f5 5. Nc3 Nf6 6. Nh3 Be7 7. Bg5 c6 8. e3 Na6 9. Nf4 O-O 10. Be2 Nc7 11. h3 Ne6 12. Nxe6 Bxe6 13. g4 Qe8 14. Qc2 Qg6 15. gxf5 Bxf5 16. Bf4 Nh5 17. Bh2 Bxh3 18. Rg1 Qf7 19. O-O-O Bf5 20. Qb3 Bg6 21. Qxb7 Bh4 22. Qxc6 Rac8 23. Qxd6 Rcd8 24. Qc5 Bxf2 25. Rgf1 Bxe3+ 26. Kb1 Nf6 27. Nd5 Bf2 28. Ne7+ Kh8 29. Rxf2 e3+ 30. Bd3 Bxd3+ 31. Rxd3 exf2 32. Rf3 Nd7 33. Rxf7 Nxc5 {Ribli} 0-1

[Event "Bermuda-A"]
[Site "Bermuda"]
[Date "1995.??.??"]
[Round "6"]
[White "Lesiege, Alexandre"]
[Black "Frias Pablaza, Victor"]
[Result "1/2-1/2"]
[WhiteElo "2460"]
[BlackElo "2495"]
[WhiteFideId "-1"]
[WhiteFideId "-1"]
[PlyCount "43"]
[GameId "1166639051788288"]
[EventDate "1995.01.??"]
[EventType "tourn"]
[EventRounds "9"]
[EventCountry "BER"]
[EventCategory "10"]
[SourceTitle "CBM 046"]
[Source "ChessBase"]
[SourceDate "2004.01.01"]
[SourceVersion "1"]
[SourceVersionDate "2004.01.01"]
[SourceQuality "1"]

1. d4 Nf6 2. c4 g6 3. Nf3 Bg7 4. g3 O-O 5. Bg2 c6 6. Nc3 d5 7. Qb3 e6 8. O-O Nbd7 9. Re1 b6 10. Bg5 h6 11. Bxf6 Nxf6 12. Ne5 Bb7 13. Rad1 Qe7 14. e4 dxe4 15. Nxe4 Nxe4 16. Bxe4 Bxe5 17. dxe5 Rad8 18. Qf3 Rxd1 19. Rxd1 Rd8 20. h4 h5 21. b3 Rd7 22. Rd3 1/2-1/2

[Event "Bermuda"]
[Site "BER"]
[Date "1995.??.??"]
[Round "2"]
[White "Waitzkin, Joshua"]
[Black "Lesiege, Alexandre"]
[Result "0-1"]
[WhiteElo "2435"]
[BlackElo "2460"]
[WhiteFideId "-1"]
[WhiteFideId "-1"]
[PlyCount "64"]
[GameId "2129405184487331"]
[EventDate "1995.??.??"]
[EventType "tourn"]
[EventRounds "9"]
[EventCountry "BER"]
[EventCategory "10"]
[SourceTitle "CBM 46"]

1. e4 c5 2. Nf3 d6 3. d4 cxd4 4. Nxd4 Nf6 5. Nc3 a6 6. Bc4 e6 7. Bb3 b5 8. O-O Be7 9. Qf3 Qc7 10. Qg3 O-O 11. Bh6 Ne8 12. Rfd1 Bd7 13. Nf3 Nc6 14. Ne2 Rd8 15. Nf4 Kh8 16. Bg5 Bc8 17. c3 h6 18. Bxe7 Qxe7 19. a4 Nf6 20. Bc2 b4 21. Rac1 bxc3 22. bxc3 Bb7 23. Qh4 e5 24. Ne2 Qc7 25. Ng3 Ne7 26. Qh3 Bc8 27. Nf5 Bxf5 28. exf5 Ned5 29. Qh4 Nxc3 30. Re1 Na2 31. g4 Nxc1 32. g5 Qxc2 0-1

[Event "Bermuda"]
[Site "BER"]
[Date "1995.??.??"]
[Round "3"]
[White "Lesiege, Alexandre"]
[Black "Norwood, David"]
[Result "1-0"]
[WhiteElo "2460"]
[BlackElo "2545"]
[WhiteFideId "-1"]
[WhiteFideId "-1"]
[PlyCount "43"]
[GameId "2129405184487336"]
[EventDate "1995.??.??"]
[EventType "tourn"]
[EventRounds "9"]
[EventCountry "BER"]
[EventCategory "10"]
[SourceTitle "CBM 46"]

1. d4 d6 2. Nf3 Bg4 3. e4 Nf6 4. Nc3 e6 5. Be2 Be7 6. O-O d5 7. Ne5 Bxe2 8. Qxe2 O-O 9. Qb5 dxe4 10. Qxb7 Qxd4 11. Bf4 Bd6 12. Qxa8 Bxe5 13. Bxe5 Qxe5 14. h3 c5 15. Qb7 Nd5 16. Rad1 e3 17. fxe3 Qxe3+ 18. Kh1 Nf6 19. Qc7 Na6 20. Qe7 h6 21. Rxf6 gxf6 22. Rd3 1-0

[Event "Bermuda"]
[Site "BER"]
[Date "1995.??.??"]
[Round "5"]
[White "Ashley, Maurice"]
[Black "Lesiege, Alexandre"]
[Result "1/2-1/2"]
[WhiteElo "2460"]
[BlackElo "2460"]
[WhiteFideId "-1"]
[WhiteFideId "-1"]
[PlyCount "144"]
[GameId "2129405184487342"]
[EventDate "1995.??.??"]
[EventType "tourn"]
[EventRounds "9"]
[EventCountry "BER"]
[EventCategory "10"]
[SourceTitle "CBM 46"]

1. d4 d5 2. c4 e6 3. Nc3 c6 4. e3 Nf6 5. Nf3 Nbd7 6. Qc2 Bd6 7. b3 O-O 8. Be2 Qe7 9. O-O b6 10. Bb2 Bb7 11. Rad1 Rfe8 12. Qb1 Rac8 13. Rfe1 Bb4 14. Qa1 Ne4 15. Rc1 Ndf6 16. Ne5 Nxc3 17. Bxc3 Bxc3 18. Rxc3 c5 19. cxd5 Nxd5 20. Rcc1 cxd4 21. Qxd4 Qb4 22. Qxb4 Nxb4 23. a3 Na2 24. Rxc8 Rxc8 25. Bc4 Nc3 26. Kf1 b5 27. Bd3 f6 28. Nf3 Bxf3 29. gxf3 Rd8 30. Bc2 a5 31. Rc1 b4 32. axb4 axb4 33. Ra1 Rd2 34. Ra8+ Kf7 35. Bxh7 Rd6 36. Ra7+ Kf8 37. Bg6 Rd1+ 38. Kg2 Nd5 39. Rf7+ Kg8 40. Rb7 Kf8 41. Be4 Nc3 42. Rxb4 f5 43. Bb7 Rd2 44. f4 Nd1 45. Kg3 Nxf2 46. Bf3 Kf7 47. h4 Kf6 48. h5 Rb2 49. Rd4 Ne4+ 50. Bxe4 fxe4 51. b4 Kf5 52. Rd8 Kf6 53. Rd4 Kf5 54. Rd8 Kf6 55. Rb8 Re2 56. b5 Rxe3+ 57. Kf2 Rb3 58. b6 Ke7 59. b7 Kd6 60. Rd8+ Kc7 61. Rg8 Kxb7 62. Rxg7+ Kc6 63. Rg3 Rb2+ 64. Kg1 Rb8 65. Rh3 Kd5 66. h6 Rh8 67. Kf2 Kd4 68. h7 e3+ 69. Rxe3 Rxh7 70. Rxe6 Kd5 71. Re5+ Kd6 72. Kf3 Re7 1/2-1/2

[Event "Pere Noel"]
[Site "Montreal CAN"]
[Date "1994.12.27"]
[Round "2"]
[White "Rousseau, Daniel"]
[Black "Lesiege, Alexandre"]
[Result "1/2-1/2"]
[WhiteElo "2136"]
[BlackElo "2493"]
[WhiteFideId "-1"]
[WhiteFideId "-1"]
[PlyCount "110"]
[GameId "2160767912140036"]
[EventDate "1994.12.26"]
[EventType "swiss"]
[EventRounds "5"]
[EventCountry "CAN"]
[SourceTitle "hb 2011"]

1. e4 c5 2. Nf3 d6 3. d4 cxd4 4. Nxd4 Nf6 5. Nc3 a6 6. Bg5 e6 7. f4 Be7 8. Qf3 Qc7 9. O-O-O Nbd7 10. g4 b5 11. Bxf6 Nxf6 12. g5 Nd7 13. f5 Nc5 14. f6 gxf6 15. gxf6 Bf8 16. Rg1 h5 17. Rg7 b4 18. Nd5 exd5 19. exd5 Bg4 20. Re1+ Kd8 21. Qf4 Qd7 22. h3 Kc7 23. hxg4 Bxg7 24. Re7 Qxe7 25. fxe7 Bxd4 26. Qxd4 hxg4 27. Qxg4 Rhe8 28. Qxb4 Rxe7 29. Qa5+ Kb7 30. b4 Nd7 31. b5 Nc5 32. bxa6+ Ka7 33. Bb5 f5 34. Qb4 Rg8 35. Qf4 Rg1+ 36. Kb2 Rg6 37. Qxf5 Reg7 38. Qf4 Re7 39. Qf8 Reg7 40. a4 Rc7 41. a5 Nxa6 42. Be8 Rb7+ 43. Kc1 Rg1+ 44. Kd2 Rg2+ 45. Ke3 Rxc2 46. Bc6 Rb3+ 47. Kd4 Nb8 48. Qe7+ Ka6 49. Ba4 Rb4+ 50. Kd3 Rcc4 51. Qxd6+ Kxa5 52. Be8 Rd4+ 53. Kc3 Rbc4+ 54. Kb3 Rb4+ 55. Kc3 Rbc4+ 1/2-1/2

[Event "Pere Noel"]
[Site "Montreal CAN"]
[Date "1994.12.30"]
[Round "5"]
[White "Hebert, Jean"]
[Black "Lesiege, Alexandre"]
[Result "1-0"]
[WhiteElo "2473"]
[BlackElo "2493"]
[WhiteFideId "-1"]
[WhiteFideId "-1"]
[PlyCount "57"]
[GameId "2160767912140050"]
[EventDate "1994.12.26"]
[EventType "swiss"]
[EventRounds "5"]
[EventCountry "CAN"]
[SourceTitle "EXT 2022"]
[Source "ChessBase"]
[SourceDate "2021.10.06"]
[SourceVersion "1"]
[SourceVersionDate "2021.10.06"]
[SourceQuality "1"]

1. d4 d5 2. c4 dxc4 3. Nf3 Nf6 4. e3 e6 5. Bxc4 c5 6. O-O a6 7. a4 Nc6 8. Nc3 Be7 9. Ne5 cxd4 10. Nxc6 bxc6 11. exd4 a5 12. Qf3 Nd5 13. Rd1 O-O 14. Ne4 Ba6 15. b3 Qb6 16. Bg5 Bxg5 17. Nxg5 h6 18. Ne4 Rad8 19. Rac1 Nb4 20. Qe3 e5 21. Nf6+ Kh8 22. Qxe5 Bxc4 23. bxc4 gxf6 24. Qxf6+ Kh7 25. Rc3 Rg8 26. Rh3 Rg6 27. Qxf7+ Rg7 28. Qf5+ Rg6 29. Rg3 1-0

[Event "Premiere Neige"]
[Site "Montreal CAN"]
[Date "1994.11.27"]
[Round "4"]
[White "Lesiege, Alexandre"]
[Black "Rousseau, Daniel"]
[Result "1-0"]
[WhiteElo "2497"]
[BlackElo "2119"]
[WhiteFideId "-1"]
[WhiteFideId "-1"]
[PlyCount "47"]
[GameId "2160767912140070"]
[EventDate "1994.11.26"]
[EventType "swiss"]
[EventRounds "4"]
[EventCountry "CAN"]
[SourceTitle "hb 2011"]

1. d4 Nf6 2. c4 g6 3. Nf3 Bg7 4. g3 O-O 5. Bg2 d5 6. cxd5 Nxd5 7. O-O Nc6 8. e4 Nb6 9. d5 Na5 10. Nc3 c6 11. Bf4 cxd5 12. exd5 Nac4 13. Qe2 Nxb2 14. Qxb2 Na4 15. Nxa4 Bxb2 16. Nxb2 Qxd5 17. Rfe1 Qb5 18. Nd1 Be6 19. Ng5 Qb4 20. Re4 Bc4 21. Ne3 b5 22. Nd5 Qa3 23. Re3 Qa5 24. Rxe7 1-0

[Event "Beauce op"]
[Site "Ste-Marie-de-Beauce CAN"]
[Date "1994.10.29"]
[Round "3"]
[White "Lesiege, Alexandre"]
[Black "Lacroix, Serge"]
[Result "1-0"]
[Annotator "Incomplete"]
[WhiteElo "2502"]
[BlackElo "1958"]
[WhiteFideId "-1"]
[WhiteFideId "-1"]
[PlyCount "33"]
[GameId "2160767739911658"]
[EventDate "1994.10.28"]
[EventType "swiss"]
[EventRounds "5"]
[EventCountry "CAN"]
[SourceTitle "Lacroix"]

1. c4 e5 2. Nc3 Nf6 3. Nf3 Nc6 4. e3 d5 5. cxd5 Nxd5 6. Bb5 Nxc3 7. bxc3 Qf6 8. d4 exd4 9. cxd4 Bg4 10. Rb1 O-O-O 11. Be2 Bb4+ 12. Bd2 Bxd2+ 13. Qxd2 Bf5 14. Rb3 g5 15. O-O g4 16. Ne1 h5 17. Nd3 {etc.} 1-0

[Event "St Marie de Beauce op"]
[Site "St Marie de Beauce CAN"]
[Date "1994.10.30"]
[Round "4"]
[White "Hebert, Jean"]
[Black "Lesiege, Alexandre"]
[Result "1/2-1/2"]
[WhiteElo "2486"]
[BlackElo "2502"]
[WhiteFideId "-1"]
[WhiteFideId "-1"]
[PlyCount "61"]
[GameId "2160767912140165"]
[EventDate "1994.10.28"]
[EventType "swiss"]
[EventRounds "5"]
[EventCountry "CAN"]
[SourceTitle "EXT 2022"]
[Source "ChessBase"]
[SourceDate "2021.10.06"]
[SourceVersion "1"]
[SourceVersionDate "2021.10.06"]
[SourceQuality "1"]

1. c4 e5 2. Nc3 Nc6 3. Nf3 Nf6 4. g3 Bb4 5. Bg2 O-O 6. O-O e4 7. Ng5 Bxc3 8. bxc3 Re8 9. d3 exd3 10. exd3 d6 11. Rb1 Bg4 12. f3 Bc8 13. Ne4 Nxe4 14. fxe4 Rb8 15. d4 Qd7 16. Rb5 Nd8 17. Rh5 f6 18. e5 dxe5 19. Bd5+ Nf7 20. dxe5 c6 21. Bxf7+ Qxf7 22. exf6 g6 23. Rh4 Bf5 24. Bg5 Rbd8 25. Rd4 Rxd4 26. Qxd4 b6 27. c5 Bh3 28. Rd1 Qxa2 29. Qf2 Qe6 30. Rd6 Qb3 31. f7+ 1/2-1/2

[Event "Montreal-Toronto m"]
[Site "Kingston CAN"]
[Date "1994.09.24"]
[Round "1"]
[White "Nickoloff, Bryon"]
[Black "Lesiege, Alexandre"]
[Result "1-0"]
[WhiteElo "2488"]
[BlackElo "2509"]
[WhiteFideId "-1"]
[WhiteFideId "-1"]
[PlyCount "79"]
[GameId "2160767912140263"]
[EventDate "1994.09.24"]
[EventType "team (rapid)"]
[EventRounds "1"]
[EventCountry "CAN"]

1. d4 d5 2. c4 dxc4 3. e3 Nf6 4. Bxc4 e6 5. Nf3 c5 6. O-O a6 7. Bd3 Nbd7 8. Qe2 b5 9. a4 b4 10. a5 Bb7 11. Nbd2 Be7 12. e4 cxd4 13. e5 Nd5 14. Nb3 Qb8 15. Re1 Qa7 16. Ng5 h6 17. Qh5 Bxg5 18. Bxg5 Rf8 19. Bd2 O-O-O 20. Rac1+ Kb8 21. Rc4 Ka8 22. Qg4 g5 23. Qxd4 Qxd4 24. Rxd4 Nb8 25. Bf1 Rg8 26. h4 Nc6 27. Rg4 gxh4 28. Rxh4 Nde7 29. Bxh6 Ng6 30. Rhe4 Ngxe5 31. Bf4 Ng6 32. Nc5 Rd5 33. Nxb7 Kxb7 34. g3 Nxa5 35. Bg2 Ka7 36. Be3+ Kb8 37. Bf3 Nb7 38. Rxb4 Rd7 39. Ra1 Ne7 40. Rxa6 1-0

[Event "Montreal op"]
[Site "Montreal CAN"]
[Date "1994.09.03"]
[Round "1"]
[White "Delisle, Claude"]
[Black "Lesiege, Alexandre"]
[Result "0-1"]
[WhiteElo "1969"]
[BlackElo "2505"]
[WhiteFideId "-1"]
[WhiteFideId "-1"]
[PlyCount "42"]
[GameId "2160767912140300"]
[EventDate "1994.09.03"]
[EventType "swiss"]
[EventRounds "5"]
[EventCountry "CAN"]
[SourceTitle "FQE 08"]

1. c4 e5 2. Nc3 Nc6 3. g3 g6 4. Bg2 Bg7 5. d3 d6 6. e3 Nf6 7. Nge2 O-O 8. O-O Be6 9. h3 Qd7 10. Kh2 d5 11. cxd5 Nxd5 12. a3 h6 13. Qc2 Rfd8 14. Rd1 a5 15. e4 Nxc3 16. bxc3 Bc4 17. Be3 Bxd3 18. Qb2 Qe6 19. Nc1 Ba6 20. Rd5 b6 21. Qd2 Bc4 0-1

[Event "Montreal op"]
[Site "Montreal CAN"]
[Date "1994.09.04"]
[Round "2"]
[White "Lesiege, Alexandre"]
[Black "Bouchard, Jean-Marc"]
[Result "1/2-1/2"]
[WhiteElo "2505"]
[BlackElo "1995"]
[WhiteFideId "-1"]
[WhiteFideId "-1"]
[PlyCount "70"]
[GameId "2160767912140317"]
[EventDate "1994.09.03"]
[EventType "swiss"]
[EventRounds "5"]
[EventCountry "CAN"]
[SourceTitle "Echec+ 1994.11"]

1. d4 d5 2. c4 e6 3. Nc3 c6 4. Nf3 f5 5. Bf4 Nf6 6. e3 Be7 7. h3 O-O 8. g4 Bd7 9. Qc2 Ne4 10. Ne5 Be8 11. gxf5 exf5 12. cxd5 Nxc3 13. bxc3 cxd5 14. Bd3 Qc8 15. Qb3 Kh8 16. Rb1 Nc6 17. Qxb7 Nxe5 18. Bxe5 Qxc3+ 19. Ke2 Bh5+ 20. f3 Rae8 21. Rhg1 Rf7 22. Qxd5 Bf8 23. Rg5 Bb4 24. Qb5 Qd2+ 25. Kf1 Bf8 26. Rxh5 Qxe3 27. Be2 Re6 28. Qd3 Rxe5 29. dxe5 Qxe5 30. Rg5 Qh2 31. Rc1 Qf4 32. Rc8 Qxg5 33. Qd8 Qxd8 34. Rxd8 g6 35. Bc4 Rf6 1/2-1/2

[Event "Montreal op"]
[Site "Montreal CAN"]
[Date "1994.09.05"]
[Round "4"]
[White "Desforges, Jean"]
[Black "Lesiege, Alexandre"]
[Result "0-1"]
[WhiteElo "2505"]
[BlackElo "2081"]
[WhiteFideId "-1"]
[WhiteFideId "-1"]
[PlyCount "144"]
[GameId "2160767912140334"]
[EventDate "1994.09.03"]
[EventType "swiss"]
[EventRounds "5"]
[EventCountry "CAN"]
[SourceTitle "FQE 08"]

1. d4 d5 2. c4 dxc4 3. Nf3 Nf6 4. e3 e6 5. Bxc4 c5 6. O-O a6 7. dxc5 Bxc5 8. Qxd8+ Kxd8 9. b3 Ke7 10. Bb2 Nbd7 11. a4 b6 12. Nbd2 Bb7 13. Rfd1 Rhd8 14. Be2 Rac8 15. Rac1 h6 16. Nc4 g5 17. Nfe5 Nxe5 18. Nxe5 Nd5 19. Bf3 Bb4 20. Rxc8 Rxc8 21. Rc1 Rxc1+ 22. Bxc1 f6 23. Nc4 Bc5 24. Kf1 b5 25. axb5 axb5 26. Ba3 Bxa3 27. Nxa3 Ba6 28. b4 Nc7 29. Ke1 Kd6 30. Kd2 Bc8 31. Kc3 f5 32. g3 e5 33. Bg2 Bd7 34. Nc2 Bc6 35. Bf1 Nd5+ 36. Kb3 Kc7 37. Na3 Kb6 38. Nc2 Nf6 39. Bd3 Be4 40. Be2 Bd5+ 41. Kb2 g4 42. Na3 Bc6 43. Bd3 Bd7 44. Nc2 h5 45. Be2 Bc6 46. Bd3 Be4 47. Kc3 Bxd3 48. Kxd3 Ne4 49. Ke2 Ng5 50. Ne1 Kc6 51. f4 gxf3+ 52. Nxf3 Nxf3 53. Kxf3 Kd5 54. e4+ fxe4+ 55. Ke3 Kc4 56. h3 Kxb4 57. g4 hxg4 58. h4 g3 59. h5 g2 60. Kf2 e3+ 61. Kxg2 Kc3 62. h6 e2 63. h7 e1=Q 64. h8=Q Qe4+ 65. Kf2 b4 66. Qc8+ Kb2 67. Qa6 b3 68. Kg3 Kc2 69. Qc8+ Kd2 70. Qb8 Qd4 71. Kg2 b2 72. Qb5 Qe4+ 0-1

[Event "Montreal op"]
[Site "Montreal CAN"]
[Date "1994.09.05"]
[Round "5"]
[White "Pineault, Denis"]
[Black "Lesiege, Alexandre"]
[Result "0-1"]
[WhiteElo "2205"]
[BlackElo "2505"]
[WhiteFideId "-1"]
[WhiteFideId "-1"]
[PlyCount "122"]
[GameId "2160767912140348"]
[EventDate "1994.09.03"]
[EventType "swiss"]
[EventRounds "5"]
[EventCountry "CAN"]
[SourceTitle "Echec+ 1994.11"]

1. e4 g6 2. d4 Bg7 3. Nc3 d6 4. Nf3 a6 5. a4 Nf6 6. Bc4 O-O 7. h3 Nxe4 8. Nxe4 d5 9. Bd3 dxe4 10. Bxe4 Nd7 11. O-O c5 12. c3 Qc7 13. Bd2 Rd8 14. Qc1 cxd4 15. cxd4 Qxc1 16. Raxc1 Nf6 17. Ba5 Re8 18. Bb1 Bd7 19. Ne5 Bxa4 20. Ba2 e6 21. Rc7 b6 22. Bxb6 Rab8 23. Bc5 Rxb2 24. Ra1 Ne4 25. Bxe6 Rxe6 26. Rxa4 h6 27. Rc8+ Kh7 28. Ra1 Rc2 29. f4 g5 30. f5 Rxe5 31. dxe5 Bxe5 32. Re1 Rxc5 33. Rxe4 Rxc8 34. Rxe5 Kg7 35. Ra5 Rc6 36. Kf2 Kf6 37. Kf3 h5 38. Ke4 Rb6 39. Rc5 Rb4+ 40. Kf3 Rb6 41. Ke4 Rb4+ 42. Kf3 Ra4 43. Kf2 a5 44. Kg1 Ra2 45. Kf1 a4 46. Kg1 a3 47. Ra5 h4 48. Kh2 Ra1 49. g4 Ra2+ 50. Kg1 Ke7 51. Kh1 Kd6 52. Kg1 Kc6 53. Ra7 f6 54. Ra5 Kb6 55. Ra8 Kc5 56. Ra4 Kb5 57. Ra8 Kc4 58. Ra6 Kb4 59. Rb6+ Ka5 60. Rb8 Rb2 61. Ra8+ Kb4 0-1

[Event "CAN-ch"]
[Site "Hamilton CAN"]
[Date "1994.??.??"]
[Round "1"]
[White "Lesiege, Alexandre"]
[Black "Livshits, Ron"]
[Result "1/2-1/2"]
[WhiteElo "2460"]
[BlackElo "2370"]
[WhiteFideId "-1"]
[WhiteFideId "-1"]
[PlyCount "123"]
[GameId "2160767912140435"]
[EventDate "1994.08.12"]
[EventType "tourn"]
[EventRounds "15"]
[EventCountry "CAN"]
[SourceTitle "EXT 1997"]
[Source "ChessBase"]
[SourceDate "1996.11.15"]
[SourceVersion "1"]
[SourceVersionDate "1996.11.15"]
[SourceQuality "1"]

1. d4 d5 2. c4 c6 3. Nf3 Nf6 4. Nc3 dxc4 5. a4 Bf5 6. e3 e6 7. Bxc4 Bb4 8. O-O Nbd7 9. Qe2 Bg6 10. Rd1 O-O 11. Ne5 Nxe5 12. dxe5 Nd7 13. f4 Qe7 14. Na2 Nb6 15. b3 Bc5 16. Bb2 Rfd8 17. h3 Rxd1+ 18. Rxd1 Rd8 19. Rd2 Rd7 20. Kh2 Nxc4 21. bxc4 h5 22. Bc3 Bb1 23. Nc1 Qd8 24. Rxd7 Qxd7 25. Nb3 Be7 26. Bd4 b6 27. Qb2 Bd3 28. Qc3 Be4 29. c5 bxc5 30. Bxc5 Bxc5 31. Nxc5 Qd5 32. Qd4 Bxg2 33. Qxd5 Bxd5 34. Kg3 Kh7 35. e4 Bc4 36. Nb7 Kg8 37. Nd8 Bd3 38. Nxc6 a6 39. Na5 Bc2 40. Nc4 Bxa4 41. Nd6 g6 42. Kh4 Kg7 43. Kg5 Bc6 44. Kh4 Ba4 45. Kg3 Kf8 46. Kh4 Kg7 47. Kg5 Bc6 48. f5 Ba4 49. Nb7 Bb5 50. h4 Be2 51. Nd6 Bd3 52. Kf4 Bb1 53. fxe6 fxe6 54. Nb7 Ba2 55. Kg5 Bb1 56. Nc5 Ba2 57. Nd3 Bb1 58. Nc5 Ba2 59. Nd3 Bb1 60. Nf4 Bxe4 61. Nxe6+ Kf7 62. Nf4 1/2-1/2

[Event "CAN-ch"]
[Site "Hamilton CAN"]
[Date "1994.??.??"]
[Round "2"]
[White "Leveille, Francois"]
[Black "Lesiege, Alexandre"]
[Result "0-1"]
[WhiteElo "2380"]
[BlackElo "2460"]
[WhiteFideId "-1"]
[WhiteFideId "-1"]
[PlyCount "40"]
[GameId "2160767912140444"]
[EventDate "1994.08.12"]
[EventType "tourn"]
[EventRounds "15"]
[EventCountry "CAN"]
[SourceTitle "EXT 1997"]
[Source "ChessBase"]
[SourceDate "1996.11.15"]
[SourceVersion "1"]
[SourceVersionDate "1996.11.15"]
[SourceQuality "1"]

1. d4 d5 2. c4 e6 3. Nc3 c6 4. e4 dxe4 5. Nxe4 Bb4+ 6. Bd2 Qxd4 7. Bxb4 Qxe4+ 8. Be2 c5 9. Bc3 Nc6 10. Nf3 f6 11. O-O Nge7 12. Re1 Qf4 13. Nd2 O-O 14. g3 Qc7 15. Bd3 e5 16. Ne4 b6 17. Nd6 Be6 18. f4 Rad8 19. fxe5 fxe5 20. Qh5 g6 0-1

[Event "CAN-ch"]
[Site "Hamilton CAN"]
[Date "1994.??.??"]
[Round "3"]
[White "Lesiege, Alexandre"]
[Black "Koliada, Timour"]
[Result "1/2-1/2"]
[WhiteElo "2460"]
[BlackElo "2345"]
[WhiteFideId "-1"]
[WhiteFideId "-1"]
[PlyCount "59"]
[GameId "2160767912140453"]
[EventDate "1994.08.12"]
[EventType "tourn"]
[EventRounds "15"]
[EventCountry "CAN"]
[SourceTitle "EXT 1997"]
[Source "ChessBase"]
[SourceDate "1996.11.15"]
[SourceVersion "1"]
[SourceVersionDate "1996.11.15"]
[SourceQuality "1"]

1. d4 d5 2. c4 e6 3. Nc3 c6 4. Nf3 dxc4 5. e3 b5 6. a4 Bb4 7. Bd2 Qe7 8. axb5 Bxc3 9. Bxc3 cxb5 10. d5 Nf6 11. d6 Qb7 12. Bxf6 gxf6 13. b3 cxb3 14. Qxb3 a6 15. Be2 e5 16. Qb4 Be6 17. Qh4 Nd7 18. Nxe5 Qc8 19. O-O Nxe5 20. Qxf6 Ng6 21. f4 O-O 22. f5 Qc5 23. Bg4 Qxe3+ 24. Kh1 Bd7 25. Rae1 Qb3 26. Re7 Nxe7 27. dxe7 Rfe8 28. Qg5+ Kh8 29. Qf6+ Kg8 30. Qg5+ 1/2-1/2